Top Ten Avengers - Statistics

General Stats
  • This quiz has been taken 63 times
  • The average score is 10 of 10
Answer Stats
Hint Answer % Correct
Natasha Romanoff Black Widow
100%
Bruce Banner Hulk
100%
Tony Stark Iron Man
100%
Peter Parker Spider-Man
100%
Thor Odinson Thor
100%
Steve Rogers Captain America
98%
Stephen Strange Doctor Strange
96%
Wanda Maximoff Scarlet Witch
93%
Scott Lang Ant-Man
87%
Clint Barton Hawk-Eye
87%
No matching quizzes found
Score Distribution
Percent of People with Each Score
Percentile by Number Answered
Your Score History
You have not taken this quiz